000 00657nam a2200241Ia 4500
003 OSt
005 20221005120505.0
006 a|||||r|||| 00| 0
007 ta
008 221004b |||||||| |||| 00| 0 mar d
024 _a40042
037 _cTextual
040 _aCRL
_cCRL
_bmar
041 _2mar
_amar
082 _aO1550g168,1(delta):g, N4
100 _aDarya Ramchander chintaman
_9629230
245 0 _aEkatam shilpkar
260 _c1994
300 _a169p.
_ccm.
650 _aMARATHI LITERATURE
_938000
942 _hO1550g168,1(delta):g, N4
_cTEXL
_2cc
999 _c1038239
_d1038239